[Event "AUTO-OPEN-4625"]
[Site "http://www.queenalice.com/game.php?id=1865893"]
[Date "2025.11.20"]
[Round "1"]
[White "TammieM3ENF"]
[Black "cerenzo72"]
[Result "0-1"]
[WhiteElo "1517"]
[BlackElo "2134"]

1. d3 Nf6 2. e3 Nc6 3. Bd2 e5 4. Be2 d5 5. Nf3 e4 6. Ng5 h6 7. Nh3 Bxh3 8. gxh3
Qd7 9. h4 exd3 10. cxd3 Bb4 11. f4 O-O-O 12. f5 Qxf5 13. e4 dxe4 14. dxe4 Qxe4
15. Rf1 Qxh4+ 16. Rf2 Bc5 17. b4 Qxf2# 0-1

[Event "AUTO-OPEN-4625"]
[Site "http://www.queenalice.com/game.php?id=1865894"]
[Date "2025.11.20"]
[Round "1"]
[White "cerenzo72"]
[Black "TammieM3ENF"]
[Result "1-0"]
[WhiteElo "2133"]
[BlackElo "1519"]

1. b3 e5 2. Bb2 d6 3. e3 f5 4. f4 g6 5. fxe5 dxe5 6. Bxe5 h5 7. Bxh8 g5 8. Qxh5+
Kd7 9. Nf3 g4 10. Qxf5+ Ke8 11. Qg6+ Kd7 12. Ne5+ Ke7 13. Qxg8 c5 14. Qg5+ Ke8
15. Bf6 Qc7 16. Qg6+ Qf7 17. Qxf7# 1-0

[Event "AUTO-OPEN-4626"]
[Site "http://www.queenalice.com/game.php?id=1866095"]
[Date "2025.11.24"]
[Round "1"]
[White "TammieM3ENF"]
[Black "ChessColossos"]
[Result "0-1"]
[WhiteElo "1469"]
[BlackElo "1575"]

1. d4 e6 2. e4 d5 3. exd5 exd5 4. b3 Nf6 5. c4 dxc4 6. bxc4 Be7 7. d5 O-O 8. a4
c6 9. dxc6 Qxd1+ 10. Kxd1 Nxc6 11. a5 a6 12. c5 Bxc5 13. Nf3 Bg4 14. Ra2 Bxf3+
15. gxf3 Rad8+ 16. Kc2 Nb4+ 17. Kb2 Nxa2 18. Kxa2 Bxf2 19. h4 Rd1 20. Nc3 Rxc1
21. Kb2 Re1 22. f4 Bd4 23. h5 Nxh5 24. f5 Ng3 25. Bg2 Nxh1 26. Bxh1 Rxh1 27. Kb3
Bxc3 28. Kxc3 Rh4 29. Kd3 Rc8 30. Ke3 Rc3+ 31. Kd2 Ra3 32. Kc2 Rh2+ 33. Kb1 Re3
34. Kc1 Re1# 0-1

[Event "AUTO-OPEN-4626"]
[Site "http://www.queenalice.com/game.php?id=1866096"]
[Date "2025.11.24"]
[Round "1"]
[White "ChessColossos"]
[Black "TammieM3ENF"]
[Result "1-0"]
[WhiteElo "1434"]
[BlackElo "1531"]

1. e4 e5 2. Nf3 d5 3. exd5 e4 4. Nd4 e3 5. dxe3 c5 6. Nf3 c4 7. Bxc4 b5 8. Bxb5+
Nd7 9. O-O f5 10. Ne5 Nf6 11. Nc3 g5 12. Nxd7 Bxd7 13. Bxd7+ Nxd7 14. Qh5+ Ke7
15. Qxg5+ Nf6 16. Qxf5 h5 17. Qe6# 1-0

[Event "AUTO-OPEN-4626"]
[Site "http://www.queenalice.com/game.php?id=1866097"]
[Date "2025.11.24"]
[Round "1"]
[White "TammieM3ENF"]
[Black "IranSilva"]
[Result "0-1"]
[WhiteElo "1511"]
[BlackElo "2257"]

1. d4 d5 2. e3 Nf6 3. a4 Bf5 4. Na3 c6 5. b4 e6 6. b5 Be7 7. a5 Qxa5+ 8. c3 Ne4
9. Nf3 Qxc3+ 10. Bd2 Nxd2 11. Nxd2 Bxa3 12. e4 Bxe4 13. f3 Bc2 14. Qe2 Qxa1+ 15.
Kf2 Qxd4+ 16. Ke1 Bc5 17. g4 Qa1+ 18. Nb1 Qxb1+ 19. Qd1 Qxd1# 0-1

[Event "AUTO-INT-3953"]
[Site "http://www.queenalice.com/game.php?id=1866324"]
[Date "2025.11.28"]
[Round "1"]
[White "game"]
[Black "TammieM3ENF"]
[Result "1-0"]
[WhiteElo "1575"]
[BlackElo "1457"]

1. e4 e5 2. Nf3 f6 3. Bc4 d5 4. exd5 c6 5. dxc6 bxc6 6. d4 exd4 7. Nxd4 c5 8.
Nb5 Nh6 9. Qxd8+ Kxd8 10. O-O g5 11. Bd5 Ba6 12. N1c3 Bxb5 13. Bxa8 a6 14. Rd1+
Ke8 15. Nxb5 axb5 16. Re1+ Be7 17. Be3 f5 18. Bxc5 Ng8 19. Bd5 Kf8 20. Bd4 Nf6
21. Re2 f4 22. Rae1 Kg7 23. Rxe7+ Kg6 24. R7e6 g4 25. Rxf6+ Kg5 26. g3 fxg3 27.
fxg3 b4 28. Rb6 Nd7 29. Rxb4 Rf8 30. Rb5 h5 31. Be6+ Kg6 32. Bxd7 h4 33. gxh4
Rh8 34. Bxh8 Kh7 35. Bxg4 Kxh8 36. Rb7 Kg8 37. Re8# 1-0